|
|
|
|
| LEADER |
00000naa2a2200000 4500 |
| 001 |
221089 |
| 005 |
20260209165712.0 |
| 035 |
|
|
|a (RuTPU)RU\TPU\book\241231
|
| 035 |
|
|
|a RU\TPU\book\241100
|
| 090 |
|
|
|a 221089
|
| 100 |
|
|
|a 20120906d2012 k y0rusy50 ca
|
| 101 |
0 |
|
|a rus
|
| 102 |
|
|
|a RU
|
| 135 |
|
|
|a drnn ---uucaa
|
| 181 |
|
0 |
|a i
|
| 182 |
|
0 |
|a b
|
| 200 |
1 |
|
|a Активация растворов выщелачивания урана импульсными электрическими разрядами
|f Г. Е. Осокин
|g науч. рук. В. Я. Ушаков
|
| 203 |
|
|
|a Текст
|c электронный
|
| 215 |
|
|
|a 1 файл (729 Кб)
|
| 225 |
1 |
|
|a Секция 1. Электроэнергетика
|
| 300 |
|
|
|a Заглавие с титульного листа
|
| 320 |
|
|
|a [Библиогр.: с. 86 (3 назв.)]
|
| 337 |
|
|
|a Adobe Reader
|
| 461 |
|
1 |
|0 (RuTPU)RU\TPU\book\240890
|t Современные техника и технологии
|o сборник трудов XVIII международной научно-практической конференции студентов, аспирантов и молодых ученых, Томск, 9-13 апреля 2012 г
|o в 3 т.
|f Национальный исследовательский Томский политехнический университет (ТПУ)
|d 2012
|
| 463 |
|
1 |
|0 (RuTPU)RU\TPU\book\240891
|t Т. 1
|v [С. 85-86]
|d 2012
|
| 610 |
1 |
|
|a труды учёных ТПУ
|
| 610 |
1 |
|
|a электронный ресурс
|
| 610 |
1 |
|
|a активация
|
| 610 |
1 |
|
|a химические процессы
|
| 610 |
1 |
|
|a растворы
|
| 610 |
1 |
|
|a выщелачивание
|
| 610 |
1 |
|
|a уран
|
| 610 |
1 |
|
|a импульсные электрические разряды
|
| 700 |
|
1 |
|a Осокин
|b Г. Е.
|c специалист в области электроразрядных технологий
|c младший научный сотрудник Томского политехнического университета
|g Георгий Евгеньевич
|3 (RuTPU)RU\TPU\pers\28102
|
| 702 |
|
1 |
|a Ушаков
|b В. Я.
|c специалист в области электроэнергетики
|c профессор Томского политехнического университета, доктор технических наук
|f 1939-
|g Василий Яковлевич
|4 727
|9 2236
|
| 801 |
|
2 |
|a RU
|b 63413507
|c 20130205
|g RCR
|
| 856 |
4 |
|
|u http://www.lib.tpu.ru/fulltext/v/Conferences/2012/C2/V1/v1_041.pdf
|
| 942 |
|
|
|c CF
|